[Event "ROU-ch Women 2018"]
[Site "Olanesti"]
[Date "2018.05.20"]
[Round "7"]
[White "Bulmaga, Irina"]
[Black "Peptan, Corina-Isabela"]
[Result "1-0"]
[WhiteElo "2415"]
[BlackElo "2393"]
[Annotator "TA"]
[PlyCount "141"]
[EventDate "2018.??.??"]
[EventType "swiss"]
[EventCountry "ROU"]
[SourceTitle "playchess.com"]
[Source "ChessBase"]
[SourceQuality "1"]

{[%evp 16,141,27,31,53,58,56,47,47,51,51,36,52,13,91,88,139,148,125,141,148,130,158,146,213,217,214,222,217,213,249,230,256,274,254,265,225,233,270,239,304,112,272,227,227,222,414,395,432,467,449,419,483,270,274,272,514,448,595,335,350,213,227,205,209,208,200,200,193,193,194,187,293,221,218,218,222,193,335,335,335,335,318,314,272,282,298,181,204,146,139,96,96,96,89,93,94,16,85,75,139,109,109,108,273,208,36,36,36,18,20,20,20,20,1119,0,1587,976,6403,10163,6099,12657,6203,6172,2220,1190,29976,29961]} 1. e4 e6 2. d4 d5 3. Nc3 dxe4 4. Nxe4 Bd7 5. Nf3 Bc6 6. Bd3 Nd7 7. Qe2 Ngf6 8. Neg5 Bxf3 9. Nxf3 {LiveBook: 25 Games. C10: French with 3 Nc3: Unusual Black 3rd moves and 3...dxe4} Bb4+ $146 ({Predecessor:} 9... c6 10. O-O Bd6 11. c3 O-O 12. Bd2 Qc7 13. Rfe1 Bf4 14. Be3 Rfe8 15. g3 Bxe3 16. Qxe3 Rad8 17. Rad1 g6 18. Bc2 {0-1 (57) Najer,E (2663)-Jobava,B (2699) Sochi 2015}) 10. c3 Bd6 11. Bg5 {White is slightly better.} c6 12. O-O Qc7 13. Rae1 (13. g3 {keeps more tension.} O-O 14. Rfe1 h6 15. Bd2 c5 16. Ne5) 13... h6 14. Bxf6 (14. Bh4 {seems wilder.} Nd5 15. Bc2 g5 16. Bg3 O-O-O 17. a3) 14... gxf6 (14... Nxf6 $11 {remains equal.} 15. g3 Rd8) 15. c4 $16 O-O-O ({Black should try} 15... h5) 16. c5 Be7 17. b4 {[%cal Bb2b4,Bb4b5][%mdl 32]} Nb8 18. a4 Rd7 19. Bc4 Qf4 (19... Rhd8 $16 20. Qc2 Bf8) 20. b5 $1 $18 Bd8 21. g3 Rg8 22. Qd3 Rg7 23. Kh1 Qg4 24. a5 Bxa5 25. Re4 Qf5 26. Ra1 b6 27. Qe2 cxb5 28. Nh4 $2 (28. Bxb5 Rc7 $16) (28. Rf4 $18 {has better winning chances.} Qh5 29. Bxb5) 28... Qg5 $2 (28... Qxe4+ $16 {was necessary.} 29. Qxe4 bxc4) 29. f4 {[%cal Bf2f4,Bf4f5][%mdl 32]} Qg4 30. Bxb5 Rc7 $2 (30... Qxe2 31. Bxd7+ (31. Bxe2 f5 $17) (31. Rxe2 Rxd4 32. Rc2 Kd8 $15) 31... Kxd7 32. Rxe2 Na6 33. cxb6 axb6) 31. Qf1 {Threatens to win with Be2.} Rg8 32. Be2 Qg7 33. f5 e5 34. cxb6 (34. Ba6+ $142 Nxa6 35. Qxa6+ Kb8 36. Rb1) 34... Bxb6 35. dxe5 $1 {[%cal Bd4e5,Be5e6][%mdl 32]} Nd7 $2 (35... fxe5 {might work better.} 36. f6 Qh8) 36. e6 Nc5 37. Rg4 Qf8 38. Qf3 {[%cal Rf3a8]} Kb8 39. Rxg8 Qxg8 40. Bf1 $40 {[%mdl 128] White is out for blood.} fxe6 {With the idea ...e5.} 41. Bg2 {[%csl Gg2][%cal Rf3a8]} Nb7 42. fxe6 Qxe6 43. Nf5 a5 (43... Qe5 {was worth a try.} 44. Rd1 Rh7) 44. h4 (44. Nxh6 Qe3 $14) 44... Ka7 45. Rd1 {[%mdl 1024] White has strong compensation.} (45. Nxh6 $6 Qe5 $16) 45... Qc8 46. Kh2 $1 ({Don't take} 46. Nxh6 $6 Rc3 $14) 46... Rc3 (46... Rd7 $142) 47. Ne7 Qc7 48. Nc6+ Qxc6 49. Qxc6 Rxc6 50. Bxc6 {[%mdl 4096] Endgame Black must now prevent Rd7. KRB-KBN} Bc7 51. Kg2 Kb6 52. Bd7 Be5 53. Kf3 Nc5 54. Rb1+ Kc7 55. Bb5 a4 56. g4 (56. Bc4 $16) 56... a3 (56... Nb3 $1 $11 57. Ke3 a3 58. Rxb3 a2) 57. Bc4 $16 Na4 (57... Kc6 $142) 58. Re1 Kd6 59. Ke4 a2 $2 (59... Kc5 $16 60. Be6 Nc3+ 61. Kf5 Bd4) 60. Bxa2 $18 {Hoping for g5!} ({Wrong is} 60. Rd1+ $2 Ke7 $17) 60... Nc3+ 61. Kf5 Nxa2 62. Kg6 Nb4 63. Kxh6 Nd5 64. h5 {[%cal Bh4h5,Bh5h6,Bh6h7][%mdl 32] And now Kg6 would win.} Ke6 $2 {[%mdl 8192]} (64... Ne3 $11) 65. Kh7 $2 (65. Kg7 $1 $18 {aiming for h6.} f5+ 66. Rxe5+ $1 {[%mdl 512]} Kxe5 67. h6 fxg4 68. h7) 65... Ne7 $2 {[%mdl 8192] [#]} (65... f5 $11) 66. Kg7 $1 Nc6 67. h6 f5+ {[#]} 68. Rxe5+ $1 {[%mdl 512]} Nxe5 69. h7 Nf7 {[#]} 70. g5 $1 {[%cal Bg4g5,Bg5g6][%mdl 544]} f4 (70... Nxg5 71. h8=Q) 71. g6 {Precision: White = 76%, Black = 33%.} 1-0

[Event "ROU-ch Women 2018"]
[Site "Olanesti"]
[Date "2018.05.20"]
[Round "7"]
[White "Cosma, Elena-Luminita"]
[Black "Sandu, Mihaela"]
[Result "0-1"]
[WhiteElo "2331"]
[BlackElo "2258"]
[Annotator "NA"]
[PlyCount "125"]
[EventDate "2018.??.??"]
[EventType "swiss"]
[EventCountry "ROU"]
[SourceTitle "playchess.com"]
[Source "ChessBase"]
[SourceQuality "1"]
[TimeControl "40/5400+30:1800+30"]

1. d4 {[%emt 0:00:00]} Nf6 {[%emt 0:00:10]} 2. Nf3 {[%emt 0:00:00]} e6 {[%emt 0:01:04]} 3. g3 {[%emt 0:00:00]} d5 {[%emt 0:00:18]} 4. Bg2 {[%emt 0:00:00]} b5 {[%emt 0:00:14]} 5. O-O {[%emt 0:00:03]} Bb7 {[%emt 0:00:42]} 6. c3 {[%emt 0:00:10] A46: 1 d4 Nf6 2 Nf3 e6: Torre, London and Colle Systems} Nbd7 {[%emt 0:00:54]} 7. Bg5 {[%emt 0:00:19]} (7. a4 b4 8. a5 Rb8 9. Bf4 Ba6 10. Qc2 Be7 11. cxb4 Rxb4 12. Nc3 O-O 13. Na2 Rb7 14. Rfc1 {½-½ (14) Banusz,T (2616)-Nabaty,T (2640) Zalakaros 2017}) 7... h6 {[%emt 0:04:10]} 8. Bxf6 {[%emt 0:00:14]} Qxf6 $146 {[%emt 0:03:27]} ({Predecessor:} 8... Nxf6 9. Qd3 a6 10. b4 Nd7 11. a4 bxa4 12. Rxa4 c6 13. Ra5 {½-½ (46) Hladecek,M (2416)-Bucek,J (2412) ICCF email 2010}) 9. a4 {[%emt 0:13:05]} c6 {[%emt 0:07:32]} 10. Qd3 {[%emt 0:05:31]} a6 {[%emt 0:08:13]} 11. Nbd2 {[%emt 0:00:17]} Be7 {[%emt 0:15:11]} 12. e4 {[%emt 0:04:25]} Qg6 {[%emt 0:01:13]} 13. Qe2 {[%emt 0:01:02]} b4 {[%emt 0:05:24]} 14. a5 {[%emt 0:12:54]} O-O {[%emt 0:01:02]} 15. Rfc1 {[%emt 0:00:38]} Rac8 {[%emt 0:06:55]} 16. Ne1 {[%emt 0:05:40]} Rfe8 {[%emt 0:01:46]} 17. Nd3 {[%emt 0:01:55]} c5 {[%emt 0:05:36]} 18. cxb4 {[%emt 0:09:11]} cxd4 {[%emt 0:18:15]} 19. exd5 {[%emt 0:04:53]} exd5 {[%emt 0:02:08]} 20. Rxc8 {[%emt 0:01:20]} Bxc8 {[%emt 0:00:55]} 21. Nf4 {[%emt 0:01:42]} Qd6 {[%emt 0:04:23]} 22. Nxd5 {[%emt 0:01:34]} Nf6 {[%emt 0:00:27]} 23. Nc4 {[%emt 0:09:46]} Qd8 {[%emt 0:00:32]} 24. Nxe7+ {[%emt 0:02:31]} Rxe7 {[%emt 0:01:34]} 25. Qd3 {[%emt 0:00:05]} Bg4 {[%emt 0:01:00]} 26. Ne3 {[%emt 0:04:19]} Qd6 {[%emt 0:03:24]} 27. Rc1 {[%emt 0:04:04]} g6 {[%emt 0:01:33]} 28. Rc4 {[%emt 0:11:19]} Rd7 {[%emt 0:00:30]} 29. Rc6 {[%emt 0:04:39]} Qe7 {[%emt 0:03:12]} 30. Nxg4 {[%emt 0:00:49]} Nxg4 {[%emt 0:00:35]} 31. Bh3 {[%emt 0:01:14]} Ne5 {[%emt 0:00:54]} 32. Rc8+ {[%emt 0:00:02]} Kg7 {[%emt 0:01:12]} 33. Qd1 {[%emt 0:00:32]} Rd6 {[%emt 0:01:48]} 34. Bg2 {[%emt 0:00:10]} (34. f4 $11 Nc6 35. Qd2) 34... h5 {[%emt 0:00:39]} 35. h3 {[%emt 0:00:06]} d3 {[%emt 0:00:20]} 36. Qd2 {[%emt 0:00:47]} Qf6 {[%emt 0:00:40]} 37. f4 {[%emt 0:00:57]} Nd7 {[%emt 0:00:10]} 38. Kh2 {[%emt 0:01:20]} h4 {[%emt 0:00:44]} 39. g4 {[%emt 0:00:18]} Rd4 {[%emt 0:00:42]} 40. Rc6 {[%emt 0:00:00]} Qe7 {[%emt 0:00:27]} 41. Qc3 {[%emt 0:12:09]} Qxb4 {[%emt 0:01:07]} 42. Qxb4 {[%emt 0:00:11]} Rxb4 {[%emt 0:00:05]} 43. Rd6 {[%emt 0:00:03]} Nc5 {[%emt 0:00:54]} 44. Rd5 {[%emt 0:00:50] [#]} Ne6 $1 {[%emt 0:04:01]} 45. Rxd3 {[%emt 0:00:06]} Rxb2 {[%emt 0:08:34]} 46. Rf3 {[%emt 0:00:05] [#]} Ra2 $1 {[%emt 0:00:51]} 47. f5 {[%emt 0:04:40]} Nc5 {[%emt 0:01:59]} 48. fxg6 {[%emt 0:02:33]} fxg6 {[%emt 0:00:24]} 49. Kg1 {[%emt 0:07:58]} Rxa5 {[%emt 0:00:28]} 50. Rf1 {[%emt 0:01:55]} Ne6 {[%emt 0:00:47]} 51. Rd1 {[%emt 0:00:30]} Nf4 {[%emt 0:02:15]} 52. Bf1 {[%emt 0:00:34]} Ra3 {[%emt 0:00:30]} 53. Kh2 {[%emt 0:02:08]} Ra2+ {[%emt 0:03:43]} 54. Kg1 {[%emt 0:00:38]} g5 {[%emt 0:02:13]} 55. Rd6 {[%emt 0:00:39]} a5 {[%emt 0:00:26]} 56. Ra6 {[%emt 0:00:41]} a4 $19 {[%emt 0:00:58]} 57. Bc4 {[%emt 0:00:04]} Nxh3+ {[%emt 0:00:43]} 58. Kf1 {[%emt 0:00:03]} Ra1+ {[%emt 0:05:57]} 59. Ke2 {[%emt 0:00:03]} Nf4+ {[%emt 0:00:06]} 60. Ke3 {[%emt 0:00:14]} h3 {[%emt 0:00:53]} 61. Ra7+ {[%emt 0:01:05]} Kf6 {[%emt 0:00:15]} 62. Rh7 {[%emt 0:00:10]} a3 {[%emt 0:00:39]} 63. Kd4 0-1

[Event "ROU-ch Women 2018"]
[Site "Olanesti"]
[Date "2018.05.20"]
[Round "7"]
[White "Sgircea, Silvia-Raluca"]
[Black "Dragomirescu, Angela"]
[Result "1/2-1/2"]
[WhiteElo "2198"]
[BlackElo "2272"]
[Annotator "NA"]
[PlyCount "87"]
[EventDate "2018.??.??"]
[EventType "swiss"]
[EventCountry "ROU"]
[SourceTitle "playchess.com"]
[Source "ChessBase"]
[SourceQuality "1"]
[TimeControl "40/5400+30:1800+30"]

1. c4 {[%emt 0:00:00]} e5 {[%emt 0:02:12]} 2. Nc3 {[%emt 0:00:00]} Bb4 {[%emt 0:03:34]} 3. g3 {[%emt 0:01:13]} Nf6 {[%emt 0:00:42]} 4. Bg2 {[%emt 0:00:20]} O-O {[%emt 0:02:50]} 5. Nf3 {[%emt 0:01:38]} Re8 {[%emt 0:04:29]} 6. O-O {[%emt 0:01:37]} c6 {[%emt 0:06:11]} 7. d3 {[%emt 0:22:36]} d5 {[%emt 0:19:27] A22: English Opening: 1...e5 2 Nc3 Nf6} (7... h6 8. Bd2 Bf8 9. e4 d5 10. exd5 cxd5 11. Nxd5 Nxd5 12. cxd5 Qxd5 13. Bc3 Qd6 14. d4 exd4 15. Nxd4 {1-0 (31) Laznicka,V (2657)-Sethuraman,S (2623) Grosseto Prugna 2015}) 8. Qb3 $146 {[%emt 0:18:36]} ({Predecessor:} 8. cxd5 cxd5 9. Bg5 Bxc3 10. bxc3 h6 11. Bxf6 Qxf6 12. Qb3 Rd8 13. Nd2 Qe6 14. c4 dxc4 15. Nxc4 Nc6 16. Qb2 Re8 17. Rac1 Bd7 18. Qxb7 {0-1 (42) Bitalzadeh,A (2363)-Weidemann,C (2297) Germany 2015}) 8... Bf8 {[%emt 0:04:36]} 9. cxd5 {[%emt 0:03:19]} Nxd5 {[%emt 0:02:54]} 10. Bd2 {[%emt 0:04:34]} Na6 {[%emt 0:01:02]} 11. a3 {[%emt 0:05:19]} Nc5 {[%emt 0:17:01]} 12. Qc2 {[%emt 0:01:08]} Ne6 {[%emt 0:06:39]} 13. b4 {[%emt 0:05:18]} Nd4 {[%emt 0:05:15]} 14. Nxd4 {[%emt 0:06:49]} Nxc3 {[%emt 0:00:05]} 15. Bxc3 {[%emt 0:00:05]} exd4 {[%emt 0:00:04]} 16. Bb2 {[%emt 0:00:05]} a5 {[%emt 0:01:34]} 17. Qc4 {[%emt 0:06:59]} Rxe2 {[%emt 0:01:08]} 18. Bxd4 {[%emt 0:00:11]} Be6 {[%emt 0:01:57]} 19. Qc3 {[%emt 0:00:26]} Bd5 {[%emt 0:05:05]} 20. Be3 {[%emt 0:06:29]} Bxg2 {[%emt 0:00:07]} 21. Kxg2 {[%emt 0:00:02]} Qd5+ {[%emt 0:01:12]} 22. Kg1 {[%emt 0:00:01]} Re8 {[%emt 0:04:54]} 23. Bb6 {[%emt 0:03:18]} h5 {[%emt 0:00:30]} 24. bxa5 {[%emt 0:01:45]} h4 {[%emt 0:00:09]} 25. Qc4 {[%emt 0:00:05]} hxg3 {[%emt 0:02:34]} 26. Qxd5 {[%emt 0:01:16]} gxh2+ {[%emt 0:00:05]} 27. Kxh2 {[%emt 0:00:03]} cxd5 {[%emt 0:00:04]} 28. Kg2 {[%emt 0:01:34]} Bd6 {[%emt 0:01:27]} 29. Rfc1 {[%emt 0:01:27]} Rd2 {[%emt 0:01:12]} 30. Bc7 {[%emt 0:01:51]} Bxc7 {[%emt 0:01:18]} 31. Rxc7 {[%emt 0:00:01]} Ree2 {[%emt 0:01:14]} 32. Rxb7 {[%emt 0:02:37]} Rxf2+ {[%emt 0:00:04]} 33. Kg3 {[%emt 0:00:08]} Rfe2 {[%emt 0:01:29]} 34. Rb3 {[%emt 0:02:25]} Re3+ {[%emt 0:01:10]} 35. Kf4 {[%emt 0:00:01]} d4 {[%emt 0:02:28]} 36. Rb8+ {[%emt 0:01:11]} Kh7 {[%emt 0:00:02]} 37. Rh1+ {[%emt 0:00:09]} Kg6 {[%emt 0:00:01]} 38. Rg1+ {[%emt 0:00:33]} Kf6 {[%emt 0:01:31]} 39. Rb6+ {[%emt 0:00:11]} Re6 {[%emt 0:01:06]} 40. Rxe6+ {[%emt 0:00:00]} fxe6 {[%emt 0:00:16]} 41. Ke4 {[%emt 0:05:04]} Ra2 {[%emt 0:01:14]} 42. Rf1+ {[%emt 0:02:43]} Ke7 {[%emt 0:00:12]} 43. Rg1 {[%emt 0:00:07]} Kf6 {[%emt 0:04:55]} 44. Rf1+ {[%emt 0:00:11] Ke5+} 1/2-1/2

[Event "ROU-ch Women 2018"]
[Site "Olanesti"]
[Date "2018.05.20"]
[Round "7"]
[White "Cosman, Andreea-Marioara"]
[Black "Ciocan, Maria-Alexandra"]
[Result "1/2-1/2"]
[WhiteElo "2130"]
[BlackElo "2021"]
[Annotator "NA"]
[PlyCount "53"]
[EventDate "2018.??.??"]
[EventType "swiss"]
[EventCountry "ROU"]
[SourceTitle "playchess.com"]
[Source "ChessBase"]
[SourceQuality "1"]
[TimeControl "40/5400+30:1800+30"]

1. d4 {[%emt 0:00:00]} f5 {[%emt 0:02:29]} 2. g3 {[%emt 0:00:00]} g6 {[%emt 0:00:06]} 3. Bg2 {[%emt 0:00:00]} Nf6 {[%emt 0:00:06]} 4. Nf3 {[%emt 0:00:00]} Bg7 {[%emt 0:00:05]} 5. O-O {[%emt 0:00:59]} O-O {[%emt 0:00:04]} 6. c4 {[%emt 0:00:04]} d6 {[%emt 0:00:04]} 7. Nc3 {[%emt 0:00:05]} Qe8 {[%emt 0:00:07]} 8. Re1 {[%emt 0:01:36]} e5 {[%emt 0:06:36]} 9. dxe5 {[%emt 0:02:22]} dxe5 {[%emt 0:00:06]} 10. e4 {[%emt 0:00:04]} Nc6 {[%emt 0:00:54]} 11. Be3 {[%emt 0:26:51]} h6 $14 {[%emt 0:13:10]} (11... f4 $1 $11 12. gxf4 Bg4) 12. Nd5 {[%emt 0:18:09]} Qf7 {[%emt 0:04:17]} 13. Bc5 {[%emt 0:04:10]} Re8 {[%emt 0:01:50]} 14. Nxf6+ {[%emt 0:08:19]} Qxf6 {[%emt 0:03:37]} 15. b4 {[%emt 0:04:35]} Be6 {[%emt 0:11:33]} 16. Rc1 {[%emt 0:08:39]} Rad8 {[%emt 0:04:01]} 17. Qe2 {[%emt 0:06:43]} b6 {[%emt 0:04:17]} 18. b5 {[%emt 0:04:40]} bxc5 {[%emt 0:09:01]} 19. bxc6 {[%emt 0:00:08]} f4 {[%emt 0:01:09]} 20. gxf4 {[%emt 0:02:15]} Qxf4 {[%emt 0:01:11]} 21. Qe3 {[%emt 0:02:10]} Qxe3 {[%emt 0:06:35]} 22. Rxe3 {[%emt 0:00:05]} Rd6 {[%emt 0:00:12]} 23. Ra3 {[%emt 0:01:02]} Ra8 {[%emt 0:00:54]} 24. Ra5 {[%emt 0:02:25]} Rxc6 {[%emt 0:00:14]} 25. Ne1 {[%emt 0:00:05]} Rd8 26. Rxa7 Rd4 27. Bf1 1/2-1/2

[Event "ROU-ch Women 2018"]
[Site "Olanesti"]
[Date "2018.05.20"]
[Round "7"]
[White "Lehaci, Miruna-Daria"]
[Black "Ciolacu, Alessia-Mihaela"]
[Result "0-1"]
[WhiteElo "1905"]
[BlackElo "1843"]
[Annotator "NA"]
[PlyCount "42"]
[EventDate "2018.??.??"]
[EventType "swiss"]
[EventCountry "ROU"]
[SourceTitle "playchess.com"]
[Source "ChessBase"]
[SourceQuality "1"]
[TimeControl "40/5400+30:1800+30"]

1. e4 {[%emt 0:00:00]} e5 {[%emt 0:00:13]} 2. Nf3 {[%emt 0:00:00]} Nc6 {[%emt 0:00:17]} 3. Bb5 {[%emt 0:00:00]} Nf6 {[%emt 0:00:13]} 4. d3 {[%emt 0:00:00]} Bc5 {[%emt 0:00:28]} 5. Nc3 {[%emt 0:01:00]} O-O {[%emt 0:15:50]} 6. O-O {[%emt 0:00:48]} Re8 {[%emt 0:00:34]} 7. Bg5 {[%emt 0:05:02]} Nd4 {[%emt 0:09:53]} 8. Nxd4 {[%emt 0:07:20]} Bxd4 {[%emt 0:00:34]} 9. Nd5 {[%emt 0:04:28]} c6 {[%emt 0:04:29]} 10. Nxf6+ {[%emt 0:00:07]} gxf6 {[%emt 0:00:07]} 11. Bh6 {[%emt 0:00:04]} Kh8 {[%emt 0:03:09]} 12. Ba4 {[%emt 0:03:24]} Rg8 {[%emt 0:14:56]} 13. c3 {[%emt 0:10:50]} Bb6 {[%emt 0:04:01]} 14. Qh5 {[%emt 0:13:11]} d5 {[%emt 0:06:18]} 15. Bd1 Be6 {[%emt 0:02:06]} 16. Kh1 {[%emt 0:09:33]} Rg6 {[%emt 0:02:11]} 17. f4 {[%emt 0:10:22]} Be3 {[%emt 0:01:59]} 18. Qh4 {[%emt 0:11:58]} dxe4 {[%emt 0:02:59]} 19. dxe4 {[%emt 0:17:15]} Bc4 {[%emt 0:02:22]} 20. Rf3 {[%emt 0:00:31]} Qd2 {[%emt 0:00:55]} 21. Rxe3 {[%emt 0:04:01]} Qxg2# {[%emt 0:00:11]} 0-1

[Event "ROU-ch Women 2018"]
[Site "Olanesti"]
[Date "2018.05.20"]
[Round "7"]
[White "Pancu, Aureliana-Eugenia"]
[Black "Panainte, Andreea-Bianca"]
[Result "0-1"]
[WhiteElo "1852"]
[BlackElo "1894"]
[Annotator "NA"]
[PlyCount "134"]
[EventDate "2018.??.??"]
[EventType "swiss"]
[EventCountry "ROU"]
[SourceTitle "playchess.com"]
[Source "ChessBase"]
[SourceQuality "1"]
[TimeControl "40/5400+30:1800+30"]

1. Nf3 {[%emt 0:00:00]} Nf6 {[%emt 0:00:07]} 2. g3 {[%emt 0:00:00]} d5 {[%emt 0:00:05]} 3. d4 {[%emt 0:00:32]} e6 {[%emt 0:00:12]} 4. Bg2 {[%emt 0:00:11]} c5 {[%emt 0:00:06]} 5. O-O {[%emt 0:00:32]} Nc6 {[%emt 0:00:07]} 6. b3 {[%emt 0:02:36]} cxd4 {[%emt 0:00:32]} 7. Nxd4 {[%emt 0:00:20]} e5 {[%emt 0:00:36] D02: 1 d4 d5 2 Nf3 sidelines, including 2...Nf6 3 g3 and 2...Nf6 3 Bf4} (7... Be7 8. Bb2 O-O 9. Nxc6 bxc6 10. c4 a5 11. Nc3 Ba6 12. Qc2 dxc4 13. Rfd1 cxb3 14. axb3 Qc7 15. Na4 Bb5 16. Bd4 Rad8 {0-1 (35) Pelletier,Y (2529)-Harikrishna,P (2737) Biel 2017}) 8. Nxc6 {[%emt 0:00:13]} bxc6 {[%emt 0:00:06]} 9. Bb2 {[%emt 0:00:28]} Bd6 {[%emt 0:00:30]} 10. c4 {[%emt 0:02:34]} Bb7 {[%emt 0:00:47]} 11. Qc2 $146 {[%emt 0:03:11]} ({Predecessor:} 11. cxd5 cxd5 12. Nc3 Qa5 13. a3 Rd8 14. b4 Qb6 15. Nxd5 Bxd5 16. Bxd5 Nxd5 17. Qxd5 {1-0 (39) Lainburg,V (2173)-Hellwege,W (1996) Bad Neuenahr 2014}) 11... Qe7 {[%emt 0:02:13]} 12. Nd2 {[%emt 0:01:20]} O-O {[%emt 0:00:51]} 13. Rac1 {[%emt 0:01:15]} e4 {[%emt 0:04:57]} 14. e3 {[%emt 0:03:27]} Nd7 {[%emt 0:01:04]} 15. Rce1 {[%emt 0:15:05]} Nc5 {[%emt 0:01:50]} 16. Ba3 {[%emt 0:13:04]} Nd3 {[%emt 0:01:58]} 17. Bxd6 {[%emt 0:00:09]} Qxd6 {[%emt 0:00:06]} 18. Rd1 {[%emt 0:00:29]} f5 {[%emt 0:00:24]} 19. Nb1 {[%emt 0:04:53]} g5 {[%emt 0:04:43]} 20. f4 {[%emt 0:03:25]} gxf4 {[%emt 0:03:10]} 21. gxf4 {[%emt 0:03:07]} Rf6 {[%emt 0:00:58]} 22. Rxd3 {[%emt 0:02:16]} exd3 {[%emt 0:00:25]} 23. Qxd3 {[%emt 0:00:12]} dxc4 {[%emt 0:01:12]} 24. Qxc4+ {[%emt 0:00:17]} Qe6 {[%emt 0:00:27]} 25. Qc1 {[%emt 0:01:51]} Rg6 {[%emt 0:00:54]} 26. Kh1 {[%emt 0:04:42]} Re8 {[%emt 0:01:31]} 27. Re1 {[%emt 0:01:44]} Qf6 {[%emt 0:02:00]} 28. Nd2 {[%emt 0:03:11]} Qg7 {[%emt 0:01:16]} 29. Bf3 {[%emt 0:01:53]} Kh8 {[%emt 0:13:50]} 30. Qc5 {[%emt 0:05:34]} Rg8 {[%emt 0:00:36]} 31. e4 {[%emt 0:00:17]} fxe4 {[%emt 0:05:48]} 32. Nxe4 Re8 {[%emt 0:07:14]} 33. Rd1 {[%emt 0:08:37]} Rg8 {[%emt 0:20:53]} 34. f5 {[%emt 0:06:19]} Rh6 {[%emt 0:01:17]} 35. Qd4 {[%emt 0:03:14]} Qxd4 {[%emt 0:00:33]} 36. Rxd4 {[%emt 0:00:02]} Rh3 {[%emt 0:01:14]} 37. Bg2 {[%emt 0:02:08]} Re3 {[%emt 0:00:57]} 38. Rd1 {[%emt 0:03:17]} Re2 {[%emt 0:01:21]} 39. Ng3 {[%emt 0:01:33]} Rxa2 {[%emt 0:00:25]} 40. Kg1 {[%emt 0:00:00]} h5 {[%emt 0:04:31]} 41. Rd6 {[%emt 0:03:17]} Re8 {[%emt 0:02:18]} 42. Be4 {[%emt 0:05:27]} h4 {[%emt 0:07:21]} 43. Rh6+ {[%emt 0:00:16]} Kg7 {[%emt 0:00:03]} 44. Rxh4 {[%emt 0:00:07]} Rd8 {[%emt 0:00:25]} 45. Rf4 {[%emt 0:07:12]} Rd1+ {[%emt 0:00:58]} 46. Nf1 {[%emt 0:00:45]} Kf6 {[%emt 0:01:16]} 47. Bf3 {[%emt 0:08:12]} Rb1 {[%emt 0:02:03]} 48. Rc4 $19 {[%emt 0:05:06]} Raa1 {[%emt 0:02:37]} 49. Be2 {[%emt 0:01:06]} Rxb3 {[%emt 0:00:36]} 50. Rc5 {[%emt 0:01:52]} Rb2 {[%emt 0:01:50]} 51. Kf2 {[%emt 0:00:37]} a5 {[%emt 0:02:35]} 52. Ng3 {[%emt 0:00:10]} Rb4 {[%emt 0:00:22]} 53. Nh5+ {[%emt 0:01:18]} Kf7 {[%emt 0:00:38]} 54. Bc4+ {[%emt 0:00:28]} Kf8 {[%emt 0:00:04]} 55. Nf4 {[%emt 0:02:24]} Rc1 {[%emt 0:01:56]} 56. Ng6+ {[%emt 0:01:24]} Kg7 {[%emt 0:00:28]} 57. Ne5 {[%emt 0:00:13]} a4 {[%emt 0:00:51]} 58. Ke3 {[%emt 0:02:56]} a3 {[%emt 0:00:42]} 59. Kd2 {[%emt 0:00:02]} Rcxc4 {[%emt 0:08:10]} 60. Nxc4 {[%emt 0:02:09]} a2 {[%emt 0:00:09]} 61. Ra5 {[%emt 0:00:02]} Rxc4 {[%emt 0:00:18]} 62. Rxa2 {[%emt 0:00:05]} Kf6 {[%emt 0:00:09]} 63. Ra5 {[%emt 0:00:11]} Rh4 {[%emt 0:00:25]} 64. Ke3 {[%emt 0:00:24]} Rxh2 {[%emt 0:00:12]} 65. Kd4 {[%emt 0:00:15]} Rb2 {[%emt 0:00:34]} 66. Kc4 {[%emt 0:00:44]} Bc8 {[%emt 0:01:27]} 67. Kc3 {[%emt 0:00:44]} Rb5 {[%emt 0:00:12]} 0-1

[Event "ROU-ch Women 2018"]
[Site "Olanesti"]
[Date "2018.05.21"]
[Round "8"]
[White "Dragomirescu, Angela"]
[Black "Peptan, Corina-Isabela"]
[Result "0-1"]
[WhiteElo "2272"]
[BlackElo "2393"]
[Annotator "TA"]
[PlyCount "80"]
[EventDate "2018.??.??"]
[EventType "swiss"]
[EventCountry "ROU"]
[SourceTitle "playchess.com"]
[Source "ChessBase"]
[SourceQuality "1"]

{[%evp 22,80,-4,-6,25,19,8,16,25,22,18,9,52,41,79,23,18,2,12,10,16,18,20,-85,-74,-116,-109,-119,-75,-94,-8,-33,-18,-83,-75,-77,-70,-368,-373,-373,-373,-368,-366,-368,-355,-366,-351,-424,-424,-407,-431,-555,-488,-614,-606,-786,-718,-1420,-1314,-1139,-1133]} 1. d4 Nf6 2. c4 e6 3. g3 d5 4. Nf3 Bb4+ 5. Bd2 Be7 6. Bg2 Nbd7 7. Qc2 O-O 8. O-O Ne4 9. Bf4 c6 10. Nfd2 {E08: Katalanisch} (10. h4 Ndf6 11. Nbd2 Nxd2 12. Nxd2 Nh5 13. Be3 f5 14. Bf3 Qe8 15. Bg5 Nf6 16. e3 b6 17. Rac1 Ba6 {½-½ (43) Meier,G (2648)-Carlsen,M (2843) Karlsruhe/Baden-Baden 2018}) 10... g5 11. Be3 Nd6 12. f3 {LiveBook: 3 Partien. Die Stellung ist ausgeglichen.} b6 13. Bf2 {[#]} Ba6 $146 {[%cal Rd6c4]} ({Vorgänger:} 13... Bb7 14. e4 Nxc4 15. Nxc4 dxc4 16. Qxc4 c5 17. Nc3 cxd4 18. Bxd4 {½-½ (36) Bittencourt,J (2431)-Mekhitarian,K (2529) Florianopolis 2018}) 14. cxd5 cxd5 15. Nc3 Rc8 16. Rfe1 b5 {zielt auf ...b4 ab.} 17. a3 Nb6 18. Rac1 (18. Nb3 $16) 18... Na4 $11 19. e4 Nxc3 20. bxc3 Bb7 21. e5 Nc4 22. Nb3 (22. Nxc4 $11 dxc4 23. Ra1) 22... Bxa3 $17 23. Ra1 a5 24. f4 Be7 25. f5 {[#]} exf5 (25... a4 $1 $17 {[%cal Ra4b3]} 26. Nc5 Bxc5 27. dxc5 f6 28. exf6 e5) 26. Qxf5 $11 Rc6 27. Qf3 (27. Nc5 $11 {hält das Gleichgewicht.} Bc8 28. Qb1) 27... Rg6 $17 28. Nc5 Bc6 {Droht stark ...Lxc5.} 29. Ra2 $2 {[%mdl 8192]} ({Lieber} 29. Qd1 $15) 29... Bxc5 $1 $19 30. dxc5 d4 $1 31. Qd3 Bxg2 32. Kxg2 dxc3 33. Qxc3 Qd5+ 34. Qf3 {[#]} Ne3+ $1 {[%mdl 512]} 35. Rxe3 Qxa2 36. Rd3 {Schwarz steht klar auf Gewinn.} Qe6 37. Rd6 Qxe5 38. Bd4 g4 39. Rxg6+ hxg6 40. Qxg4 Qd5+ {Precision: Weiß = 34%, Schwarz = 46%.} 0-1